Bilecik Bilecik Bilecik Bilecik Bilecik

International relations : (Record no. 5005)

MARC details
000 -BAŞLIK
Sabit Uzunluktaki Kontrol Alanı 02151nam a22003017a 4500
001 - KONTROL NUMARASI
Control Dosyası 0005023
003 - KONTROL NUMARASI KİMLİĞİ
Kontrol Alanı KOHA_MİRAKIL
005 - EN SON İŞLEM TARİHİ ve ZAMANI
Kontrol Alanı 20260207001432.0
007 - FİZİKSEL TANIM SABİT ALAN - GENEL BİLGİ
Sabit uzunluklu kontrol alanı ta
008 - SABİT UZUNLUKTAKİ VERİ ÖGELERİ - GENEL BİLGİ
Sabit Alan 090506b1998 mau |||gr||||#||||0|eng |
020 ## - ISBN - ULUSLARARASI STANDART KİTAP NUMARASI
Isbn 0070282552
Nitelik bilgileri (acid-free paper)
040 ## - KATALOGLAMA KAYNAĞI
Özgün Kataloglama Kurumu TR-BiSEU
Kataloglama Dili tur
Çeviri Kurumu TR-BiSEU
Açıklama Kuralları rda
041 0# - DİL KODU
Metin ya da ses kaydının dil kodu eng
044 ## - YAYINLAYAN/ÜRETEN KURULUŞUN ÜLKE KODU
ISO country code mau
050 ## - SINIFLAMA ve YER NUMARASI
Sınıflama Numarası JZ1305
Yer Numarası .H46 1998
100 1# - KİŞİ ADI
Yazar Adı (Kişi adı) Henderson, Conway W..
245 1# - ESER ADI BİLDİRİMİ
Başlık International relations :
Alt Eseradı vb. conflict and cooperation at the turn of the 21st century/
Sorumluluk Bildirimi Conway W. Henderson ; Conway W. Henderson.
264 #1 - ÜRERİM, YAYIN, DAĞITIM ve TELİF BİLDİRİMİ
Yayın yeri Boston :
Yayınlayan McGraw Hill
Yayın tarihi 1998
300 ## - FİZİKSEL TANIMLAMA
Sayfa, Cilt vb. xvi, 520 sayfa: resimli, maps (some col.)
336 ## - İÇERİK TÜRÜ
Content type term metin
Content type code txt
Source rdacontent
337 ## - MEDYA TÜRÜ
Media type term aracısız
Media type code n
Source rdamedia
338 ## - TAŞIYICI TÜRÜ
Carrier type term cilt
Carrier type code nc
Source rdacarrier
500 ## - GENEL NOT
Genel Not Includes bibliographical references and index.
505 ## - İÇİNDEKİLER NOTU
İçindekiler Notu PART I: Understanding International Relations
650 #0 - KONU BAŞLIĞI EK GİRİŞ - KONU TERİMİ
Konusal terim veya coğrafi ad International relations.
9 (RLIN) 7042
650 #0 - KONU BAŞLIĞI EK GİRİŞ - KONU TERİMİ
Konusal terim veya coğrafi ad International cooperation.
9 (RLIN) 12200
942 ## - EK GİRİŞ ÖGELERİ (KOHA)
Source of classification or shelving scheme Library of Congress Classification
Koha item type Book
505 ## - İÇİNDEKİLER NOTU
-- Chapter 1: The Study of International Relations
-- Chapter 2: The Historical Setting of International Relations
-- Chapter 3: Actors on the International Stage
-- PART II: The Instruments of International Relations
-- Chapter 4: Defining Power in a New Era
-- Chapter 5: War and Lesser Conflict: Force in Decline?
-- Chapter 6: Penetration Operations: Intelligence, Cover Acts, and Propaganda
-- Chapter 7: The Role of Diplomacy: A Traditional Tool in Changing Times
-- Chapter 8: The International Political Economy: Instruments of Competition and Conflict
-- Chapter 9: The International Political Economy: The Institutions of Cooperation and Integration
-- PART III: The Struggle for World Order
-- Chapter 10: Arms Limitations: Passage into the Post-Cold War Era
-- Chapter 11: International Law as the Framework for International Society
-- Chapter 12: International Organizations for Security and Progress
-- PART IV: Sharing a Planet and Planetary Experiences
-- Chapter 13: Environment of Humankind: A Future in Jeopardy
-- Chapter 14: Shared Experiences of Humankind
-- PART V: Conclusion
-- Chapter 15: Conditions and Trends at the Turn of the 21st Century
--
Holdings
Materyal Türü Kalıcı Konum Mevcut Konum Raf Yeri Sınıflandırma Kaynağı Edinim Bilgisi Ana Konular Alt Konular Yer Numarası Demirbaş Numarası Fatura Tarihi Maliyet, Alış Fiyatı Maliyet, Yenileme Fiyatı Geri Çekilme Durumu Kayıp Durumu Hasarlı Durumu Kredi için değil Kayıt Tarih Toplam Ödünçverme Son Görülme Tarihi Son Kontrol Tarihi Genel / Bağış Notu
Book Prof. Dr. Azmi Özcan Kütüphanesi Prof. Dr. Azmi Özcan Kütüphanesi Uluğbey Salonu Library of Congress Classification Bağış SİYASET BİLİMİ Uluslararası İlişkiler JZ1305 .H46 1998 0005023 13/08/2010 4.00 4.00         06/05/2009 3 05/12/2024 05/12/2024 Genel Bağış